书目信息 |
| 题名: |
书海求知
|
|
| 作者: | 潘树广 编著 | |
| 分册: | ||
| 出版信息: | 上海 知识出版社 1984 |
|
| 页数: | 224页 | |
| 开本: | 18cm | |
| 丛书名: | ||
| 单 册: | ||
| 中图分类: | G354.2 | |
| 科图分类: | ||
| 主题词: | 检索方法 , 检索工具 | |
| 电子资源: | ||
| ISBN: | ||
| 000 | 00762nam0 2200253 45 | |
| 001 | 0184014211 | |
| 005 | 20060810145329.71 | |
| 010 | @dCNY0.63 | |
| 091 | @a7214.1009 | |
| 100 | @a19950622d1984 em y0chiy0121 ea | |
| 101 | 0 | @achi |
| 102 | @aCN@b310000 | |
| 105 | @ay z 000yy | |
| 200 | 10 | @a书海求知@Ashu hai qiu zhi@e文科文献检索方法释例@EWen Ke Wen Xian Jian Suo Fang Fa Shi Li@f潘树广编著@FPan Shu Guang Bian Zhu |
| 210 | @a上海@c知识出版社@d1984 | |
| 215 | @a224页@d18cm | |
| 517 | @a文科文献检索方法释例@AWen Ke Wen Xian Jian Suo Fang Fa Shi Li | |
| 606 | @a检索方法 | |
| 606 | @a检索工具 | |
| 690 | @aG354.2@v3 | |
| 701 | 0 | @a潘树广@4编著 |
| 801 | 2 | @aCN@bNLC@c20060810 |
| 801 | 0 | @aCN@b上海图书馆@c20040430 |
| 905 | @dG354.2@e7@b106501@f1 | |
| 书海求知:文科文献检索方法释例/潘树广编著.-上海:知识出版社,1984 |
| 224页;18cm |
| ISBN :CNY0.63 |
| ● |
| 相关链接 |
|
|
|
|
正题名:书海求知
索取号:G354.2/7
 
预约/预借
| 序号 | 登录号 | 条形码 | 馆藏地/架位号 | 状态 | 备注 |
| 1 | 0106501 | 001997780 | 密集书库/ [索取号:G354.2/7] | 在馆 | |
| 2 | 0106502 | 000985624 | 密集书库/ [索取号:G354.2/7] | 在馆 | |
| 3 | 0106503 | 000985688 | 密集书库/ [索取号:G354.2/7] | 在馆 | |
| 4 | 0106504 | 000985615 | 密集书库/ [索取号:G354.2/7] | 在馆 | |
| 5 | 0106505 | 000985679 | 第一样本阅览室/ [索取号:G354.2/7] | 在馆 | |
| 6 | 0448455 | 204484557 | 密集书库/ [索取号:G354.2/7] | 在馆 |